Fr. Conceicao Rodrigues College of Engineering

Turbo pascal 7 : The Complete Reference (Record no. 23150)

MARC details
000 -LEADER
fixed length control field 00326nam a2200133Ia 4500
100 ## - MAIN ENTRY--PERSONAL NAME
Personal name O''''Brien/ S.K.
245 ## - TITLE STATEMENT
Title Turbo pascal 7 : The Complete Reference
260 ## - PUBLICATION, DISTRIBUTION, ETC.
Name of publisher, distributor, etc. Obsorne/ McGraw - Hill
Place of publication, distribution, etc. New Delhi
Date of publication, distribution, etc. 1998
300 ## - PHYSICAL DESCRIPTION
Extent 456
546 ## - LANGUAGE NOTE
Language note ENGLISH
654 ## - SUBJECT ADDED ENTRY--FACETED TOPICAL TERMS
Focus term Turbo pascal handbook 7
942 ## - ADDED ENTRY ELEMENTS (KOHA)
Koha item type BOOK
Holdings
Withdrawn status Lost status Damaged status Not for loan Collection Home library Current library Date acquired Source of acquisition Cost, normal purchase price Total Checkouts Full call number Barcode Date last seen Cost, replacement price Price effective from Koha item type
        CRC Fr. Agnel's C.Rodrigues College of Engineering Fr. Agnel's C.Rodrigues College of Engineering 17/03/2023 global books 135.00   6591 17/03/2023 135.00 17/03/2023 BOOK